| 000 | 00422nam a2200157 4500 | ||
|---|---|---|---|
| 001 | 136076 | ||
| 003 | ES-MaACL | ||
| 005 | 20230906195029.0 | ||
| 007 | t| | ||
| 008 | 070214s1946 xxk r ||||1| eng d | ||
| 100 | 1 |
_aRowse, A. L. _9100190 |
|
| 245 | 1 | 4 |
_aThe use of history / _cA. L. Rowse. |
| 260 |
_aLondon : _bHolder and Stoughton, _c1946. |
||
| 300 |
_aXI, 247 p. ; _c18 cm. |
||
| 852 |
_aES-MaACL _jB-10513 _bR.22738 |
||
| 999 |
_c136076 _d136076 |
||